[Event "45th FIDE Chess Olympiad Open"]
[Site "Budapest, Hungary"]
[Date "2024.09.20"]
[Round "9"]
[White "Gong, Daniel Hanwen"]
[Black "Ortiz, Marcos"]
[Result "1/2-1/2"]
[Board "184"]
[WhiteFideId "4303962"]
[BlackFideId "6100678"]
[WhiteTitle "FM"]
[WhiteElo "2240"]
[BlackElo "2191"]
[WhiteTeam "New Zealand"]
[BlackTeam "Nicaragua"]
[WhiteClock "0:08:38"]
[BlackClock "0:17:00"]
[Variant "Standard"]

1. c4 {[%clk 1:30:53]}  e5 {[%clk 1:30:49]} 2. d3 {[%clk 1:31:20]}  Nc6 {[%clk 1:30:20]} 3. Nf3 {[%clk 1:31:35]}  f5 {[%clk 1:30:13]} 4. g3 {[%clk 1:29:10]}  Nf6 {[%clk 1:30:32]} 5. Bg2 {[%clk 1:29:36]}  g6 {[%clk 1:28:13]} 6. O-O {[%clk 1:29:00]}  Bg7 {[%clk 1:28:40]} 7. Nc3 {[%clk 1:27:32]}  d6 {[%clk 1:29:02]} 8. Rb1 {[%clk 1:27:39]}  a5 {[%clk 1:29:28]} 9. a3 {[%clk 1:28:06]}  O-O {[%clk 1:29:51]} 10. b4 {[%clk 1:28:33]}  axb4 {[%clk 1:30:18]} 11. axb4 {[%clk 1:28:59]}  Qe8 {[%clk 1:28:46]} 12. b5 {[%clk 1:26:39]}  Nd8 {[%clk 1:29:09]} 13. Qb3 {[%clk 1:18:31]}  Kh8 {[%clk 1:28:30]} 14. Bb2 {[%clk 1:15:18]}  Ne6 {[%clk 1:27:38]} 15. Ra1 {[%clk 1:14:04]}  Rxa1 {[%clk 1:14:47]} 16. Rxa1 {[%clk 1:14:02]}  e4 {[%clk 1:15:14]} 17. Ne1 {[%clk 1:10:37]}  Nc5 {[%clk 1:00:13]} 18. Qc2 {[%clk 1:08:57]}  g5 {[%clk 0:57:01]} 19. e3 {[%clk 1:04:28]}  Qf7 {[%clk 0:48:00]} 20. d4 {[%clk 0:48:19]}  Ncd7 {[%clk 0:41:45]} 21. Qe2 {[%clk 0:46:41]}  Nb6 {[%clk 0:40:57]} 22. d5 {[%clk 0:44:45]}  Nbd7 {[%clk 0:40:17]} 23. f4 {[%clk 0:42:36]}  exf3 {[%clk 0:38:02]} 24. Nxf3 {[%clk 0:42:59]}  h6 {[%clk 0:36:40]} 25. Nd4 {[%clk 0:42:19]}  Nc5 {[%clk 0:35:47]} 26. Rf1 {[%clk 0:35:56]}  Qg6 {[%clk 0:35:25]} 27. Qc2 {[%clk 0:34:34]}  Ng4 {[%clk 0:35:26]} 28. Nd1 {[%clk 0:34:59]}  Qe8 {[%clk 0:26:53]} 29. Qe2 {[%clk 0:21:54]}  Ne4 {[%clk 0:24:45]} 30. Bxe4 {[%clk 0:14:37]}  Qxe4 {[%clk 0:22:18]} 31. h3 {[%clk 0:14:44]}  Nf6 {[%clk 0:21:26]} 32. Qf3 {[%clk 0:11:34]}  Qxf3 {[%clk 0:20:31]} 33. Rxf3 {[%clk 0:10:48]}  Ne4 {[%clk 0:20:50]} 34. Bc1 {[%clk 0:08:38]}  Kh7 {[%clk 0:17:00]} 1/2-1/2

[Event "45th FIDE Chess Olympiad Open"]
[Site "Budapest, Hungary"]
[Date "2024.09.20"]
[Round "9"]
[White "Barrish, Daniel"]
[Black "Giron Chavez, David Emanuel"]
[Result "1-0"]
[Board "185"]
[WhiteFideId "14304600"]
[BlackFideId "7300697"]
[WhiteTitle "FM"]
[BlackTitle "FM"]
[WhiteElo "2281"]
[BlackElo "2065"]
[WhiteTeam "South Africa"]
[BlackTeam "Guatemala"]
[WhiteClock "0:01:18"]
[BlackClock "0:00:33"]
[Variant "Standard"]

1. d4 {[%clk 1:30:50]}  Nf6 {[%clk 1:30:37]} 2. c4 {[%clk 1:31:13]}  e6 {[%clk 1:30:53]} 3. Nc3 {[%clk 1:31:37]}  Bb4 {[%clk 1:31:06]} 4. Qc2 {[%clk 1:32:01]}  d5 {[%clk 1:31:06]} 5. a3 {[%clk 1:32:23]}  Bxc3+ {[%clk 1:30:49]} 6. Qxc3 {[%clk 1:32:37]}  Ne4 {[%clk 1:30:44]} 7. Qc2 {[%clk 1:32:52]}  c5 {[%clk 1:30:16]} 8. dxc5 {[%clk 1:33:04]}  Nc6 {[%clk 1:30:19]} 9. Nf3 {[%clk 1:32:45]}  Qa5+ {[%clk 1:28:34]} 10. Bd2 {[%clk 1:31:48]}  Qxc5 {[%clk 1:28:39]} 11. e3 {[%clk 1:31:37]}  Nxd2 {[%clk 1:28:04]} 12. Nxd2 {[%clk 1:31:45]}  O-O {[%clk 1:27:20]} 13. b4 {[%clk 1:31:26]}  Qe7 {[%clk 1:24:52]} 14. Be2 {[%clk 1:25:03]}  d4 {[%clk 1:11:18]} 15. O-O {[%clk 1:21:16]}  dxe3 {[%clk 1:09:03]} 16. fxe3 {[%clk 1:20:59]}  e5 {[%clk 0:57:07]} 17. c5 {[%clk 1:17:09]}  Be6 {[%clk 0:51:20]} 18. Nc4 {[%clk 1:13:12]}  Rac8 {[%clk 0:42:39]} 19. Nd6 {[%clk 1:05:41]}  Rc7 {[%clk 0:42:27]} 20. Rac1 {[%clk 0:56:51]}  Qg5 {[%clk 0:40:08]} 21. Qe4 {[%clk 0:52:39]}  f5 {[%clk 0:34:50]} 22. Qf3 {[%clk 0:51:12]}  a6 {[%clk 0:27:00]} 23. Bc4 {[%clk 0:44:45]}  Bxc4 {[%clk 0:20:56]} 24. Rxc4 {[%clk 0:44:49]}  g6 {[%clk 0:19:06]} 25. h4 {[%clk 0:26:28]}  Qd8 {[%clk 0:15:06]} 26. Nxb7 {[%clk 0:20:56]}  Qe7 {[%clk 0:08:56]} 27. Nd6 {[%clk 0:18:53]}  e4 {[%clk 0:08:54]} 28. Qg3 {[%clk 0:18:44]}  Qe5 {[%clk 0:06:35]} 29. Qxe5 {[%clk 0:18:07]}  Nxe5 {[%clk 0:07:03]} 30. Rd4 {[%clk 0:16:56]}  a5 {[%clk 0:06:49]} 31. Nb5 {[%clk 0:07:40]}  Rb7 {[%clk 0:05:37]} 32. Nd6 {[%clk 0:08:02]}  Rc7 {[%clk 0:06:02]} 33. Rc1 {[%clk 0:05:19]}  axb4 {[%clk 0:05:15]} 34. axb4 {[%clk 0:05:38]}  Rb8 {[%clk 0:04:55]} 35. b5 {[%clk 0:03:38]}  Nd3 {[%clk 0:02:01]} 36. b6 {[%clk 0:00:35]}  Rxb6 {[%clk 0:01:16]} 37. cxb6 {[%clk 0:01:03]}  Rxc1+ {[%clk 0:01:26]} 38. Kh2 {[%clk 0:01:26]}  Rb1 {[%clk 0:00:51]} 39. b7 {[%clk 0:01:34]}  Nc5 {[%clk 0:00:56]} 40. Rc4 {[%clk 0:01:39]}  Na6 {[%clk 0:00:33]} 41. Rc6 {[%clk 0:01:18]} 1-0

[Event "45th FIDE Chess Olympiad Open"]
[Site "Budapest, Hungary"]
[Date "2024.09.20"]
[Round "9"]
[White "Galvez Dastin, Eduardo"]
[Black "Levitan, Caleb Levi"]
[Result "1-0"]
[Board "186"]
[WhiteFideId "7300310"]
[BlackFideId "14332620"]
[WhiteTitle "FM"]
[BlackTitle "FM"]
[WhiteElo "2100"]
[BlackElo "2193"]
[WhiteTeam "Guatemala"]
[BlackTeam "South Africa"]
[WhiteClock "0:01:38"]
[BlackClock "0:02:50"]
[Variant "Standard"]

1. d4 {[%clk 1:30:56]}  d5 {[%clk 1:30:56]} 2. c4 {[%clk 1:31:19]}  dxc4 {[%clk 1:31:11]} 3. e4 {[%clk 1:30:52]}  Nf6 {[%clk 1:31:30]} 4. e5 {[%clk 1:30:33]}  Nd5 {[%clk 1:31:50]} 5. Bxc4 {[%clk 1:30:51]}  Nb6 {[%clk 1:31:32]} 6. Bb3 {[%clk 1:30:01]}  Bf5 {[%clk 1:30:33]} 7. Qf3 {[%clk 1:27:36]}  e6 {[%clk 1:27:43]} 8. Ne2 {[%clk 1:21:10]}  Nc6 {[%clk 1:27:41]} 9. Nbc3 {[%clk 1:18:04]}  Nxd4 {[%clk 1:14:16]} 10. Nxd4 {[%clk 1:18:17]}  Qxd4 {[%clk 1:14:40]} 11. Be3 {[%clk 1:16:51]}  Qxe5 {[%clk 1:11:07]} 12. Qxb7 {[%clk 1:17:15]}  Bd6 {[%clk 1:00:14]} 13. Qc6+ {[%clk 1:17:04]}  Ke7 {[%clk 0:59:40]} 14. O-O-O {[%clk 1:14:14]}  Rhd8 {[%clk 0:47:31]} 15. Rhe1 {[%clk 1:05:30]}  Qxh2 {[%clk 0:44:00]} 16. Qf3 {[%clk 0:36:25]}  Kf8 {[%clk 0:39:56]} 17. g4 {[%clk 0:21:12]}  Bg6 {[%clk 0:39:09]} 18. Bxe6 {[%clk 0:15:04]}  Qh4 {[%clk 0:30:50]} 19. Bf5 {[%clk 0:10:06]}  Bxf5 {[%clk 0:20:13]} 20. gxf5 {[%clk 0:08:10]}  Qb4 {[%clk 0:17:55]} 21. Rd4 {[%clk 0:05:56]}  Qa5 {[%clk 0:13:49]} 22. Rh4 {[%clk 0:02:56]}  Ba3 {[%clk 0:11:19]} 23. Kb1 {[%clk 0:02:14]}  Nd5 {[%clk 0:06:09]} 24. Bd4 {[%clk 0:02:32]}  Rab8 {[%clk 0:05:34]} 25. Bxg7+ {[%clk 0:01:41]}  Kxg7 {[%clk 0:05:07]} 26. Rxh7+ {[%clk 0:01:14]}  Kf6 {[%clk 0:02:31]} 27. Rh6+ {[%clk 0:01:16]}  Kg7 {[%clk 0:02:50]} 28. Qg4+ {[%clk 0:01:38]} 1-0

[Event "45th FIDE Chess Olympiad Open"]
[Site "Budapest, Hungary"]
[Date "2024.09.20"]
[Round "9"]
[White "Mhango, Banele"]
[Black "Aragon Trujillo, Ricardo M."]
[Result "1-0"]
[Board "187"]
[WhiteFideId "14327040"]
[BlackFideId "7303033"]
[WhiteTitle "FM"]
[BlackTitle "CM"]
[WhiteElo "2261"]
[BlackElo "2057"]
[WhiteTeam "South Africa"]
[BlackTeam "Guatemala"]
[WhiteClock "0:26:46"]
[BlackClock "0:06:05"]
[Variant "Standard"]

1. d4 {[%clk 1:30:47]}  Nf6 {[%clk 1:30:56]} 2. c4 {[%clk 1:31:12]}  e6 {[%clk 1:31:07]} 3. Nf3 {[%clk 1:31:18]}  d5 {[%clk 1:30:55]} 4. g3 {[%clk 1:30:56]}  c6 {[%clk 1:26:39]} 5. Qc2 {[%clk 1:28:59]}  Bd6 {[%clk 1:22:37]} 6. Bg2 {[%clk 1:29:21]}  O-O {[%clk 1:21:52]} 7. O-O {[%clk 1:29:46]}  Nbd7 {[%clk 1:21:11]} 8. Nbd2 {[%clk 1:28:20]}  Re8 {[%clk 1:18:43]} 9. e4 {[%clk 1:24:41]}  Nxe4 {[%clk 1:14:05]} 10. Nxe4 {[%clk 1:24:35]}  dxe4 {[%clk 1:14:29]} 11. Qxe4 {[%clk 1:25:03]}  e5 {[%clk 1:07:07]} 12. dxe5 {[%clk 1:21:49]}  Nxe5 {[%clk 1:06:46]} 13. Ng5 {[%clk 1:22:12]}  f5 {[%clk 0:52:54]} 14. Qc2 {[%clk 1:21:00]}  h6 {[%clk 0:49:18]} 15. Nh3 {[%clk 1:16:26]}  Ng6 {[%clk 0:40:34]} 16. Kh1 {[%clk 1:00:09]}  Be6 {[%clk 0:34:12]} 17. f4 {[%clk 0:55:07]}  Nf8 {[%clk 0:32:55]} 18. Be3 {[%clk 0:51:50]}  Nd7 {[%clk 0:30:11]} 19. Rad1 {[%clk 0:47:30]}  Qc7 {[%clk 0:23:44]} 20. Nf2 {[%clk 0:46:20]}  Rad8 {[%clk 0:17:56]} 21. Nd3 {[%clk 0:39:15]}  c5 {[%clk 0:17:44]} 22. b3 {[%clk 0:37:38]}  Be7 {[%clk 0:14:11]} 23. Nb2 {[%clk 0:28:39]}  Nb8 {[%clk 0:12:30]} 24. Na4 {[%clk 0:28:41]}  Kh8 {[%clk 0:10:50]} 25. Nc3 {[%clk 0:26:49]}  Nc6 {[%clk 0:09:27]} 26. Nd5 {[%clk 0:26:43]}  Bxd5 {[%clk 0:08:47]} 27. cxd5 {[%clk 0:27:04]}  Nb4 {[%clk 0:05:45]} 28. Qxf5 {[%clk 0:27:27]}  Bf8 {[%clk 0:05:32]} 29. Be4 {[%clk 0:23:16]}  g6 {[%clk 0:05:52]} 30. Qxg6 {[%clk 0:23:41]}  Qg7 {[%clk 0:05:48]} 31. Bc1 {[%clk 0:21:33]}  Qxg6 {[%clk 0:05:21]} 32. Bxg6 {[%clk 0:21:55]}  Re2 {[%clk 0:05:48]} 33. a3 {[%clk 0:15:49]}  Na2 {[%clk 0:06:16]} 34. Bd2 {[%clk 0:16:02]}  Rxd5 {[%clk 0:06:28]} 35. Ba5 {[%clk 0:16:27]}  Rd4 {[%clk 0:03:13]} 36. Rde1 {[%clk 0:10:06]}  Rxe1 {[%clk 0:03:07]} 37. Bxe1 {[%clk 0:10:28]}  Kg8 {[%clk 0:01:38]} 38. Bb1 {[%clk 0:10:34]}  Rd1 {[%clk 0:01:11]} 39. Bc2 {[%clk 0:03:49]}  Rc1 {[%clk 0:01:36]} 40. Be4 {[%clk 0:04:09]}  b6 {[%clk 0:01:20]} 41. Bd5+ {[%clk 0:04:18]}  Kh7 {[%clk 0:29:06]} 42. Kg2 {[%clk 0:31:52]}  Nc3 {[%clk 0:28:34]} 43. Be6 {[%clk 0:28:42]}  Bg7 {[%clk 0:25:10]} 44. g4 {[%clk 0:28:44]}  Bd4 {[%clk 0:19:26]} 45. h4 {[%clk 0:27:13]}  Nd1 {[%clk 0:14:02]} 46. Bd2 {[%clk 0:25:53]}  Ne3+ {[%clk 0:14:19]} 47. Bxe3 {[%clk 0:26:20]}  Bxe3 {[%clk 0:14:45]} 48. Rf3 {[%clk 0:25:37]}  Bd4 {[%clk 0:14:20]} 49. a4 {[%clk 0:25:00]}  Kg7 {[%clk 0:13:48]} 50. g5 {[%clk 0:25:11]}  Rc2+ {[%clk 0:12:43]} 51. Kg3 {[%clk 0:25:01]}  a6 {[%clk 0:09:41]} 52. Bc4 {[%clk 0:25:00]}  a5 {[%clk 0:08:57]} 53. Kg4 {[%clk 0:25:18]}  Rf2 {[%clk 0:07:04]} 54. Rxf2 {[%clk 0:25:31]}  Bxf2 {[%clk 0:07:32]} 55. f5 {[%clk 0:25:55]}  Bd4 {[%clk 0:05:45]} 56. f6+ {[%clk 0:26:21]}  Kf8 {[%clk 0:06:05]} 57. Kf5 {[%clk 0:26:46]} 1-0

[Event "45th FIDE Chess Olympiad Open"]
[Site "Budapest, Hungary"]
[Date "2024.09.20"]
[Round "9"]
[White "Garcia Fuentes, Sergio Miguel"]
[Black "Cawdery, Daniel"]
[Result "0-1"]
[Board "188"]
[WhiteFideId "7300549"]
[BlackFideId "14300249"]
[WhiteTitle "FM"]
[BlackTitle "IM"]
[WhiteElo "2114"]
[BlackElo "2356"]
[WhiteTeam "Guatemala"]
[BlackTeam "South Africa"]
[WhiteClock "0:00:33"]
[BlackClock "0:06:58"]
[Variant "Standard"]

1. d4 {[%clk 1:30:35]}  Nf6 {[%clk 1:30:55]} 2. Bg5 {[%clk 1:30:31]}  Ne4 {[%clk 1:28:03]} 3. Bf4 {[%clk 1:27:47]}  c5 {[%clk 1:28:16]} 4. f3 {[%clk 1:27:48]}  Nf6 {[%clk 1:27:15]} 5. dxc5 {[%clk 1:19:08]}  e5 {[%clk 1:25:36]} 6. Bxe5 {[%clk 1:12:08]}  Bxc5 {[%clk 1:25:57]} 7. Bd4 {[%clk 1:10:43]}  Qb6 {[%clk 1:24:41]} 8. Bxc5 {[%clk 1:07:51]}  Qxc5 {[%clk 1:25:10]} 9. Nc3 {[%clk 0:56:38]}  d5 {[%clk 1:25:08]} 10. e3 {[%clk 0:50:26]}  Nc6 {[%clk 1:21:25]} 11. Qd2 {[%clk 0:46:10]}  O-O {[%clk 1:20:38]} 12. Nge2 {[%clk 0:40:57]}  Re8 {[%clk 1:19:14]} 13. O-O-O {[%clk 0:40:22]}  Rxe3 {[%clk 1:02:11]} 14. Nd4 {[%clk 0:38:59]}  Re8 {[%clk 0:56:40]} 15. Bb5 {[%clk 0:23:01]}  Be6 {[%clk 0:48:53]} 16. Rhe1 {[%clk 0:21:20]}  a6 {[%clk 0:46:44]} 17. Bxc6 {[%clk 0:16:24]}  bxc6 {[%clk 0:47:09]} 18. Nb3 {[%clk 0:16:42]}  Qd6 {[%clk 0:46:01]} 19. Nd4 {[%clk 0:09:08]}  Rab8 {[%clk 0:43:22]} 20. h3 {[%clk 0:08:47]}  Qb4 {[%clk 0:35:36]} 21. b3 {[%clk 0:08:34]}  c5 {[%clk 0:35:38]} 22. Nxe6 {[%clk 0:07:48]}  fxe6 {[%clk 0:35:00]} 23. Kb2 {[%clk 0:04:15]}  a5 {[%clk 0:28:35]} 24. Ka1 {[%clk 0:04:00]}  c4 {[%clk 0:25:55]} 25. Na4 {[%clk 0:02:15]}  Qb5 {[%clk 0:18:57]} 26. Qd4 {[%clk 0:02:23]}  Qc6 {[%clk 0:14:44]} 27. Qc5 {[%clk 0:02:28]}  Qa6 {[%clk 0:14:32]} 28. Qd4 {[%clk 0:02:42]}  Nd7 {[%clk 0:10:34]} 29. Rd2 {[%clk 0:02:39]}  cxb3 {[%clk 0:10:22]} 30. cxb3 {[%clk 0:02:38]}  Rb4 {[%clk 0:09:20]} 31. Qd3 {[%clk 0:02:59]}  Qd6 {[%clk 0:09:15]} 32. Qc2 {[%clk 0:01:51]}  Rbb8 {[%clk 0:07:00]} 33. Qd1 {[%clk 0:01:15]}  Qf4 {[%clk 0:06:52]} 34. Rd4 {[%clk 0:01:25]}  Qf6 {[%clk 0:07:09]} 35. Kb1 {[%clk 0:01:23]}  Ne5 {[%clk 0:06:02]} 36. Rd2 {[%clk 0:01:16]}  Nc4 {[%clk 0:06:14]} 37. Rd4 {[%clk 0:01:11]}  Na3+ {[%clk 0:06:36]} 38. Kb2 {[%clk 0:00:33]}  Nb5 {[%clk 0:06:58]} 0-1

[Event "45th FIDE Chess Olympiad Open"]
[Site "Budapest, Hungary"]
[Date "2024.09.20"]
[Round "9"]
[White "Darmanin, Jake"]
[Black "Mandizha, Farai"]
[Result "1/2-1/2"]
[Board "189"]
[WhiteFideId "5601061"]
[BlackFideId "11000430"]
[WhiteTitle "CM"]
[BlackTitle "IM"]
[WhiteElo "2119"]
[BlackElo "2371"]
[WhiteTeam "Malta"]
[BlackTeam "Zimbabwe"]
[WhiteClock "0:05:54"]
[BlackClock "0:57:45"]
[Variant "Standard"]

1. e4 {[%clk 1:30:56]}  c5 {[%clk 1:29:24]} 2. c3 {[%clk 1:31:17]}  Nf6 {[%clk 1:29:47]} 3. e5 {[%clk 1:31:40]}  Nd5 {[%clk 1:30:13]} 4. Bc4 {[%clk 1:31:56]}  Nb6 {[%clk 1:29:07]} 5. Bb3 {[%clk 1:32:21]}  c4 {[%clk 1:26:31]} 6. Bc2 {[%clk 1:32:46]}  Nc6 {[%clk 1:25:40]} 7. Nf3 {[%clk 1:33:25]}  d6 {[%clk 1:25:40]} 8. exd6 {[%clk 1:33:25]}  Qxd6 {[%clk 1:23:13]} 9. O-O {[%clk 1:33:25]}  Bg4 {[%clk 1:23:28]} 10. Re1 {[%clk 1:34:04]}  Rd8 {[%clk 1:19:58]} 11. Na3 {[%clk 1:31:45]}  Ne5 {[%clk 1:13:36]} 12. Rxe5 {[%clk 1:31:45]}  Bxf3 {[%clk 1:13:34]} 13. Qe1 {[%clk 1:31:25]}  Bc6 {[%clk 1:11:42]} 14. b3 {[%clk 1:25:26]}  cxb3 {[%clk 1:10:02]} 15. axb3 {[%clk 1:25:48]}  a6 {[%clk 1:09:36]} 16. d4 {[%clk 1:24:59]}  e6 {[%clk 1:10:00]} 17. Nc4 {[%clk 1:18:32]}  Nxc4 {[%clk 1:06:23]} 18. bxc4 {[%clk 1:18:50]}  Qc7 {[%clk 1:06:10]} 19. Bf4 {[%clk 0:52:53]}  Bd6 {[%clk 1:05:57]} 20. d5 {[%clk 0:51:17]}  Bd7 {[%clk 1:05:35]} 21. c5 {[%clk 0:43:18]}  Bxe5 {[%clk 1:03:04]} 22. Bxe5 {[%clk 0:43:38]}  Qxc5 {[%clk 1:02:22]} 23. Bxg7 {[%clk 0:42:40]}  Rg8 {[%clk 1:01:43]} 24. Bf6 {[%clk 0:39:38]}  h5 {[%clk 0:54:37]} 25. Rd1 {[%clk 0:35:08]}  Rc8 {[%clk 0:52:39]} 26. Bf5 {[%clk 0:32:58]}  Kf8 {[%clk 0:49:06]} 27. dxe6 {[%clk 0:15:23]}  Bxe6 {[%clk 0:48:56]} 28. Bxe6 {[%clk 0:12:00]}  fxe6 {[%clk 0:45:54]} 29. Qxe6 {[%clk 0:05:53]}  Re8 {[%clk 0:46:01]} 30. Rd8 {[%clk 0:05:19]}  Rxd8 {[%clk 0:45:52]} 31. Bxd8 {[%clk 0:05:35]}  Rg7 {[%clk 0:44:43]} 32. Bf6 {[%clk 0:03:50]}  Rg6 {[%clk 0:42:09]} 33. g3 {[%clk 0:02:28]}  b6 {[%clk 0:38:23]} 34. Be7+ {[%clk 0:02:11]}  Qxe7 {[%clk 0:33:39]} 35. Qxg6 {[%clk 0:02:38]}  Qc5 {[%clk 0:33:39]} 36. Qf6+ {[%clk 0:02:19]}  Ke8 {[%clk 0:33:40]} 37. h3 {[%clk 0:02:19]}  a5 {[%clk 0:33:40]} 38. g4 {[%clk 0:01:52]}  hxg4 {[%clk 0:33:28]} 39. hxg4 {[%clk 0:01:55]}  a4 {[%clk 0:33:41]} 40. g5 {[%clk 0:01:23]}  a3 {[%clk 0:34:09]} 41. g6 {[%clk 0:20:39]}  Qc4 {[%clk 1:02:16]} 42. Qh8+ {[%clk 0:09:17]}  Ke7 {[%clk 0:57:15]} 43. g7 {[%clk 0:05:54]}  Qg4+ {[%clk 0:57:03]} 44. Kh2 {[%clk 0:05:17]}  Qf4+ {[%clk 0:57:23]} 45. Kg2 {[%clk 0:05:35]}  Qg4+ {[%clk 0:57:45]} 46. Kh2 {[%clk 0:05:54]} 1/2-1/2

[Event "45th FIDE Chess Olympiad Open"]
[Site "Budapest, Hungary"]
[Date "2024.09.20"]
[Round "9"]
[White "Mwadzura, Roy"]
[Black "Novak, Attila Robert"]
[Result "1-0"]
[Board "190"]
[WhiteFideId "11004436"]
[BlackFideId "727067"]
[WhiteTitle "FM"]
[WhiteElo "2229"]
[BlackElo "2135"]
[WhiteTeam "Zimbabwe"]
[BlackTeam "Malta"]
[WhiteClock "0:12:40"]
[BlackClock "0:03:13"]
[Variant "Standard"]

1. e4 {[%clk 1:30:57]}  e6 {[%clk 1:30:54]} 2. d4 {[%clk 1:31:23]}  d5 {[%clk 1:31:20]} 3. e5 {[%clk 1:29:44]}  c5 {[%clk 1:31:46]} 4. c3 {[%clk 1:30:12]}  Nc6 {[%clk 1:32:11]} 5. Nf3 {[%clk 1:30:41]}  Bd7 {[%clk 1:32:34]} 6. Be2 {[%clk 1:30:23]}  Nge7 {[%clk 1:32:53]} 7. Na3 {[%clk 1:29:58]}  cxd4 {[%clk 1:33:13]} 8. cxd4 {[%clk 1:30:27]}  Nf5 {[%clk 1:33:37]} 9. Nc2 {[%clk 1:30:52]}  Be7 {[%clk 1:34:03]} 10. Bd3 {[%clk 1:26:33]}  Rc8 {[%clk 1:27:34]} 11. h4 {[%clk 1:07:29]}  Nb4 {[%clk 1:23:18]} 12. Nxb4 {[%clk 1:07:12]}  Bxb4+ {[%clk 1:23:39]} 13. Kf1 {[%clk 1:00:06]}  Qb6 {[%clk 1:18:19]} 14. a3 {[%clk 0:59:23]}  Be7 {[%clk 1:14:19]} 15. g4 {[%clk 0:57:31]}  Rxc1 {[%clk 1:06:28]} 16. Rxc1 {[%clk 0:56:02]}  Nxd4 {[%clk 1:06:11]} 17. Nxd4 {[%clk 0:55:36]}  Qxd4 {[%clk 1:06:23]} 18. Qe2 {[%clk 0:53:47]}  Qb6 {[%clk 0:58:01]} 19. g5 {[%clk 0:51:56]}  Bc6 {[%clk 0:53:15]} 20. Rg1 {[%clk 0:48:56]}  g6 {[%clk 0:50:29]} 21. Rc2 {[%clk 0:43:31]}  Bf8 {[%clk 0:38:05]} 22. Rg4 {[%clk 0:34:47]}  h5 {[%clk 0:33:11]} 23. Rf4 {[%clk 0:24:25]}  Be7 {[%clk 0:31:18]} 24. Qd2 {[%clk 0:19:47]}  Rf8 {[%clk 0:23:30]} 25. Qc3 {[%clk 0:19:35]}  Kd7 {[%clk 0:21:18]} 26. b4 {[%clk 0:18:25]}  a6 {[%clk 0:21:16]} 27. Kg1 {[%clk 0:17:43]}  Kc7 {[%clk 0:15:46]} 28. a4 {[%clk 0:16:26]}  Kb8 {[%clk 0:16:11]} 29. b5 {[%clk 0:15:12]}  axb5 {[%clk 0:16:13]} 30. axb5 {[%clk 0:15:40]}  Bd7 {[%clk 0:16:31]} 31. Qa1 {[%clk 0:14:15]}  Bc5 {[%clk 0:03:52]} 32. Ra4 {[%clk 0:14:11]}  Rd8 {[%clk 0:03:58]} 33. Ra8+ {[%clk 0:11:57]}  Kc7 {[%clk 0:03:23]} 34. Rxc5+ {[%clk 0:12:15]}  Qxc5 {[%clk 0:03:13]} 35. Qa5+ {[%clk 0:12:40]} 1-0